000 00691nam a2200277 a 4500
001 30935
003 AR-BaAGN
005 20231116145333.0
007 ta
008 220625s1970 ag |||||r|||| ||||||spa d
040 _dAR-BaAGN
_aAR-BaAGN
_bspa
_eaacr
100 1 _aJuárez, Roberto
245 1 0 _aAtentados políticos en la argentina
250 _a1ª ed.
260 _aBuenos Aires :
_bA. Peña Lillo,
_c1970.
300 _a319 páginas
336 _2rdacontent
_btxt
337 _2rdamedia
_bn
338 _2rdacarrier
_bnc
650 4 _aTERRORISMO
_91998
650 4 _aPOLÍTICA
_92164
651 4 _aArgentina
_93645
942 _cLIBRO
999 _c30935
_d30935